| 000 | 01126nam0a22002771 4500 | ||
|---|---|---|---|
| 001 | RU\INFOCOMM_322\NLR\5000102715 | ||
| 005 | 20250614080022.0 | ||
| 035 | _a(NLR Aleph) 010590584 | ||
| 090 |
_a10501202 _c10501202 |
||
| 100 | _a20121212d1970 |||y0rusy50 ca | ||
| 101 | 1 | _aspa | |
| 102 | _aRU | ||
| 105 | _ac z|||| | ||
| 200 | 1 |
_aHacia nuevos éxitos en la edificación comunista _eDiscurso de A. N. Kosiguin, Presidente del Consejo de Ministros de la URSS, en la reunión de electores de la circunscripción de la ciudad de Moscú, el 10 de junio de 1970 |
|
| 210 |
_aM. _cEd. de la Agencia de prensa "Nóvosti" _d1970 |
||
| 215 |
_a44, [5] с. _cпортр. _d16 см |
||
| 300 | _aВ вып. дан.: А. Н. Косыгин. К новым успехам в коммунистическом строительстве | ||
| 620 | _aМосква | ||
| 686 |
_aИр4870 _2rubbk |
||
| 700 | 1 |
_9z01790 _aKosygin _bA. N. _f1904-1980 _gAleksej Nikolaevič |
|
| 790 | 1 |
_9z01700 _aKosiguin _bA. N. _4070 |
|
| 801 | 1 |
_aRU _bNLR _c20121212 |
|
| 801 | 0 |
_aRU _bINFOCOMM _gPSBO |
|
| 852 |
_aNLR _jИр51 Д-2/54 |
||
| 942 | _cBOOK | ||
| 980 | _aNB | ||